Guess The Horror Game From The Main Antagonist #4 - Statistics

General Stats
  • This quiz has been taken 50 times
  • The average score is 5 of 30
Answer Stats
Main Antagonist Horror Game % Correct
Leatherface The Texas Chainsaw Massacre
63%
Osmund Saddler Resident Evil 4
47%
The Man from the Window The Man from the Window
47%
The Scissorman Clock Tower
38%
Banbaleena Garten of Banban II
31%
Spooky Spooky’s Jumpscare Mansion
31%
White Face IMSCARED: A Pixelated Nightmare
25%
Driller Killer Power Drill Massacre
22%
The Night Shift Abductor Night Shift
19%
Tom Smith Murder House
16%
The Pizza Delivery Guy The Pizza
16%
The Precursors Subnautica
13%
Killer Teddy Bear Your Toy
13%
The Ghoul Alpen Ghoul
9%
The Suitors Amnesia: Justine
9%
The Mountain King Bramble: The Mountain King
9%
Malcolm Betruger Doom 3
9%
Rais Dying Light
9%
Entity 014 Entity Room
9%
“Beris” Glitch
9%
The Ghost Haunted House
9%
SCP-3462 Mockbuster Video
9%
Oogie Oogie’s Spacepark
9%
SHODAN System Shock
9%
The Stranger The Walking Dead
9%
The Parasite Scorn
6%
Ezechiel Pregzt Alone in the Dark
3%
The Being Darkwood
3%
Ryder White Dead Island
3%
The Spirit It Lives Under The House
3%
No matching quizzes found
Score Distribution
Percent of People with Each Score
Percentile by Number Answered
Your Score History
You have not taken this quiz